Clubes dos jogadores da Seleção Brasileira durante a Copa de 1998 - Statistics

Estatísticas Gerais
  • Esse quiz foi jogado 222 vezes
  • A pontuação média é 16 de 22
Estatísticas das Respostas
Jogador Posição Clube % Correto
André Cruz Zagueiro Milan
95%
Leonardo Meia Milan
95%
Roberto Carlos Lateral Real Madrid
95%
Giovanni Meia Barcelona
94%
Rivaldo Meia Barcelona
94%
Zé Roberto Lateral Flamengo
89%
Júnior Baiano Zagueiro Flamengo
89%
Zé Carlos Lateral São Paulo
89%
Cafu Lateral Roma
88%
Aldair Zagueiro Roma
88%
Dida Goleiro Cruzeiro
86%
Ronaldo Atacante Internazionale
85%
Gonçalves Zagueiro Botafogo
79%
Bebeto Atacante Botafogo
79%
Denilson Meia Real Betis
74%
Taffarel Goleiro Atlético Mineiro
70%
Edmundo Atacante Fiorentina
57%
Carlos Germano Goleiro Vasco da Gama
52%
Emerson Volante Bayer Leverkusen
39%
Doriva Volante Porto
27%
Dunga Volante Jubilo Iwata
10%
César Sampaio Volante Yokohama Flugels
6%
Nenhum quiz correspondente encontrado
Distribuição das Pontuações
Porcentagem de Pessoas com Cada Pontuação
Percentil de Números Respondidos
Sua Pontuação Histórica
Você não jogou esse quiz